| 000 | 00930nam a2200217 a 4500 | ||
|---|---|---|---|
| 001 | BRCA_4086 | ||
| 005 | 20190321142922.0 | ||
| 008 | 180210s1924----enkade####---#000-0#eng-# | ||
| 041 | _aeng | ||
| 044 | _aenk | ||
| 050 | 4 | _b.C66 1924 | |
| 245 | 1 | 0 |
_aCook´s Continental Time-Table and Steamship Guide _ba simple Guide to the Principal Railways and Diligences, Lake, River and Fjord Steamers in Europe (including Siberia, Syrya, Egypt, Algeria, etc.) with Ocean Steamer Services to all parts of the world _cedited and compiled by C. H. Davies. |
| 260 |
_aLondres _bThos. Cook & Son Ltd. _c1924 |
||
| 300 |
_alxxii, 409 p. _bil. (algunas a color), tablas, mapas _c19 cm. |
||
| 500 | _aEstado fisíco: contiene un mapa suelto, encuadernación deteriorada. | ||
| 500 | _aCEF35 | ||
| 650 | 1 | 4 |
_aFerrocarriles, diligencias, buques de vapor _vGuías _zEuropa _910579 |
| 700 | 1 |
_aDavies, C. H. _910580 |
|
| 902 | _aGFM | ||
| 942 |
_2lcc _cB |
||
| 999 |
_c3808 _d3808 |
||